000 00519nmm a2200181Ia 4500
008 251105s9999||||xx |||||||||||||||||und||
020 _a9788417305833
041 _aspa
100 _aLloyd, Amy
245 0 _aLa esposa inocente
264 _a[Madrid, España] :
_bRoca Editorial,
_c[Fecha de publicación no identificada]
300 _a0 páginas
650 _aThriller & Suspense
700 _aLloyd, Amy
700 1 _a Guelbenzu, Ana
856 _uhttps://public.digitaliapublishing.com/a/82241
942 _cCF
999 _c67929
_d67929